00196 a2200085 450000100060000008200140000610000260002024500250004626000390007186306 a297.2 ISL aSadder ud Din Islahi aIslam aik nazar main aLahorebIslamic Publicationsc2008